000 00741nam 22002413 4500
001 200424
010 _a972-576-214-2
021 _aPT
_b169300/01
090 _a200424
100 _a20260205d u||y0pory50 ba
200 _aCurso Completo de Banda Desenhada
_eprincípios , práticas e técnicas: guia fundamental para Banda Desenhada
_fSteve Edgell, Bradi Brooks, Tim Pilcher
205 _a
210 _aLisboa
_cDinalivro
_d2002
215 _a160 p.
_cil. ; brochado
_d22 cm
606 _91586
_aDesenho Artístico
610 _aBanda Desenhada
675 _a74
_vPT
_zpor
700 _916226
_aEdgell
_bSteve
701 _916227
_aBrooks
_bBradi
701 _916229
_aPilcher
_bTim
801 _aPT
_bBMMN
_gRPC
830 _cIsabel
990 _cLIVROS